000 02226nam a2200397 i 4500
001 196221
003 ES-MaACL
005 20250711063132.0
008 240818s2021 sp | |||| 000 0 spa
015 _aMON21
017 _aTO 13-2021
_bOficina Depósito Legal Toledo
020 _a9788412212969
035 _a(SpMaBN)a6871850
035 _a991034241719708606
040 _aSpMaBN
_bspa
_cSpMaBN
_erda
080 _a821.134.2-36"20"
100 1 _aBroullón, Manuel,
_d1987-
_9240302
_eaut
245 1 3 _aLa tonalidad precisa del rojo /
_cManuel Broullón ; epílogo de Manuel Ángel Vázquez Medel.
250 _aPrimera edición: enero, 2021
264 1 _aMadrid, España :
_bKaótica Libros,
_c[2021].
300 _a117 páginas :
_c21 cm.
336 _aTexto
_2rdacontent
337 _asin mediación
_2rdamedia
338 _avolumen
_2rdacarrier
490 1 _aMultiverso ;
_v1
520 _aLa tonalidad precisa del rojo es la afirmación de una mirada que se funde con la ciudad, con los cuerpos que la habitan y con el tiempo que todo lo atraviesa. La búsqueda meditativa del mundo y sus representaciones suscita a la vez una experiencia sensorial de plenitud en el presente y la constatación de la fragilidad del ser y de sus identidades. «Manuel Broullón nunca queda en la superficie de las cosas. Parte de la physis, de lo concreto y material, pero siempre va más allá de ello: lanza la palabra desde la fuerza proyectiva de lo simbólico. Por eso su escritura es física y –al mismo tiempo– meta-física. Y llega al fondo de las cosas con la minuciosidad del orfebre». Manuel Ángel Vázquez Medel
655 0 _aMisceláneas
_2tgfbne
_9234752
700 1 _9113461
_aVázquez Medel, Manuel Ángel
_eaft
830 0 _aMultiverso ;
_v1
_9240303
852 _aES-MaACL
_bR.154508
_cDEPOJ
_jN-9296
_gDedicatoria autógrafa del autor
_hDonación: Manuel Broullón
_xEncuadernación rústica con solapas
_9205348
903 _9240302
_aBroullón, Manuel,
_d1987-
_ednr
942 _cMONOGRAFIA
_n0
999 _c196221
_d196221